Tiếng anh dành cho trẻ em special gift

Guardat en:
Dades bibliogràfiques
Format: Llibre
Idioma:Undetermined
Publicat: Thành phố Hồ Chí Minh Thanh Niên 2004
Matèries:
Etiquetes: Afegir etiqueta
Sense etiquetes, Sigues el primer a etiquetar aquest registre!
Thư viện lưu trữ: Trung tâm Học liệu Trường Đại học Cần Thơ
LEADER 00451nam a2200157Ia 4500
001 CTU_63873
008 210402s9999 xx 000 0 und d
082 |a 428.24 
082 |b T306/No.6 
245 0 |a Tiếng anh dành cho trẻ em special gift 
260 |a Thành phố Hồ Chí Minh 
260 |b Thanh Niên 
260 |c 2004 
650 |a English language 
910 |i Năm 
980 |a Trung tâm Học liệu Trường Đại học Cần Thơ